MARC

LEADER 00000nam0a2200000 4500
001 361235
005 20231102011353.0
035 |a (RuTPU)RU\TPU\retro\18561 
090 |a 361235 
100 |a 20210601d1974 m y0rusy50 ca 
101 0 |a rus 
102 |a RU 
105 |a a j 000zy 
200 1 |a Задачник по алгебре и элементарным функциям  |f А. К. Кутепов, А. Т. Рубанов  |g под ред. А. И. Селиверстовой 
205 |a 2-е изд., доп. 
210 |a Москва  |c Высшая школа  |d 1974 
215 |a 380 с.  |c ил. 
606 1 |a Алгебра  |2 stltpush  |3 (RuTPU)RU\TPU\subj\1723  |9 30429 
606 1 |a Элементарные функции  |2 stltpush  |3 (RuTPU)RU\TPU\subj\69468  |9 84318 
610 1 |a учебные пособия 
610 1 |a задачи 
610 1 |a решения 
610 1 |a упражнения 
610 1 |a приближенные вычисления 
610 1 |a уравнения первой степени 
610 1 |a квадратные уравнения 
610 1 |a векторы 
610 1 |a теоремы сложения 
610 1 |a комплексные числа 
610 1 |a прогрессии 
610 1 |a пределы 
610 1 |a производные 
675 |a 512(076)  |v 4 
675 |a 517.5(076)  |v 4 
700 1 |a Кутепов  |b А. К.  |g Александр Кузьмич 
701 1 |a Рубанов  |b А. Т.  |g Анатолий Трифонович 
702 1 |a Селиверстова  |b А. И.  |4 340 
801 1 |a RU  |b 63413507  |c 20210601 
801 2 |a RU  |b 63413507  |c 20210916  |g RCR 
942 |c BK